Как пользоваться орфографическими таблицами. Вып. 1 (Запись № 13620245)

Подробности
000 -МАРКЕР
контрольное поле 01222nam2a2200229 4500
001 - ИДЕНТИФИКАТОР ЗАПИСИ
контрольное поле rc\3026796
005 - ИДЕНТИФИКАТОР ВЕРСИИ
контрольное поле 20260315064926.0
035 ## - ДРУГИЕ СИСТЕМНЫЕ НОМЕРА
Идентификатор записи (NLR Aleph) 007168069
100 ## - ДАННЫЕ ОБЩЕЙ ОБРАБОТКИ
Данные общей обработки 20110929d1940 u y0rusy50 ca
101 0# - ЯЗЫК РЕСУРСА
Язык текста, звукозаписи и т.д. русский
102 ## - СТРАНА ПУБЛИКАЦИИ ИЛИ ПРОИЗВОДСТВА
Страна публикации Российская Федерация
105 ## - ПОЛЕ КОДИРОВАННЫХ ДАННЫХ: ТЕКСТОВЫЕ МАТЕРИАЛЫ, МОНОГРАФИЧЕСКИЕ
Кодированные данные о монографическом текстовом документе y z |||||
200 0# - ЗАГЛАВИЕ И СВЕДЕНИЯ ОБ ОТВЕТСТВЕННОСТИ
Основное заглавие Вып. 1
210 ## - ПУБЛИКАЦИЯ, РАСПРОСТРАНЕНИЕ И ДР.
Дата издания, распространения и т.д. 1940
215 ## - ФИЗИЧЕСКАЯ ХАРАКТЕРИСТИКА
Специфическое обозначение материала и объем 60 с.
461 #0 - УРОВЕНЬ НАБОРА
Встроенное поле 001rc\3026795
-- 2000#$aКак пользоваться орфографическими таблицами$eМетод. указания для учителей нач. школ. Вып. 1-$fМ.Н. Петерсон, Н.С. Поздняков, В.Г. Поляков$vВып. 1
-- 700#1$aПетерсон$bМ.Н.$gМихаил Николаевич$f1885-
Системный номер (АБИС) связанной записи 7317455
Автор Петерсон, М.Н. (1885-)
Место публикации Москва
Дата публикации 1940
Издание 6-е изд., испр. и доп.
Первые сведения об ответственности М.Н. Петерсон, Н.С. Поздняков, В.Г. Поляков
Имя издателя, распространителя и т.д. Учпедгиз
Сведения, относящиеся к заглавию Метод. указания для учителей нач. школ. Вып. 1-
Заглавие Как пользоваться орфографическими таблицами
Номер тома Вып. 1
801 #0 - ИСТОЧНИК ЗАПИСИ
Страна Российская Федерация
Организация NLR
Правила каталогизации psbo
801 #1 - ИСТОЧНИК ЗАПИСИ
Страна Российская Федерация
Организация ELAR
Источник данных rusmarc
852 ## - МЕСТОНАХОЖДЕНИЕ И ШИФР ХРАНЕНИЯ
Идентификатор организации NLR
Шифр хранения (Call Number) 40-17/11(1)
942 ## - ДОПОЛНИТЕЛЬНЫЕ ЭЛЕМЕНТЫ ЗАПИСИ (АБИС)
Тип экземпляра АБИС Неопределено
980 ## - КОЛЛЕКЦИЯ
Название коллекции Национальная библиография

Нет доступных экземпляров.